| 000 | 00630nam a2200229Ia 4500 | ||
|---|---|---|---|
| 003 | OSt | ||
| 005 | 20220928102612.0 | ||
| 006 | a|||||r|||| 00| 0 | ||
| 007 | ta | ||
| 008 | 220927b |||||||| |||| 00| 0 eng d | ||
| 024 | _a43942 | ||
| 037 | _cTextual | ||
| 040 |
_aSDCL _cSDCL _beng |
||
| 041 |
_2eng _aeng |
||
| 082 | _aO152,1J32,1:g, L0 | ||
| 100 |
_aPushpakumari _9399255 |
||
| 245 | 0 | _aManas ke rametar katha -prashango mai natakiyata. | |
| 260 |
_aLukhnow _bNandan Prakashan _c1970 |
||
| 300 |
_a168p. _ccm. |
||
| 942 |
_hO152,1J32,1:g, L0 _cTEXL _2CC |
||
| 999 |
_c715115 _d715115 |
||